Runaway - Kanye West (All Lyrics) - Statistics

General Stats
  • This quiz has been taken 3,849 times
  • The average score is 370 of 495
Answer Stats
Hint Answer % Correct
a
99%
I
97%
You
96%
you
96%
P
93%
to
93%
as
92%
me
92%
me,
92%
Run
92%
run
92%
the
92%
away
89%
away?
89%
my
89%
so
89%
So
89%
always
88%
Pre-Chorus And
88%
and
88%
at
88%
At
88%
can
88%
for
88%
have
88%
of
88%
Baby,
87%
baby
87%
baby,
87%
find,
87%
find
87%
go
87%
toast
87%
way
87%
wrong
87%
be
86%
fast
86%
it
86%
it,
86%
something
86%
know
85%
long
85%
on
85%
sh*t
85%
that
85%
too
85%
with
85%
a**holes
84%
Chorus Let's
84%
just
83%
been
82%
Every
82%
every
82%
Then
82%
yeah,
82%
Yeah,
82%
Intro x16 Look
81%
look
81%
don't
80%
got
80%
I'm
80%
never
80%
Verse 3 Never
80%
plan
80%
plan,
80%
puttin'
80%
up
80%
one
79%
s*umbags
79%
s*umbagss
79%
them
79%
time
79%
us
79%
what
79%
d*uchebags
78%
it's
78%
take
77%
think
77%
like
76%
most
76%
off
76%
off,
76%
in
75%
is
74%
work
74%
good
73%
j**k-offs
73%
d*ck
71%
from
71%
picture
71%
ya,
71%
could
70%
gifted
70%
But
69%
girl
69%
not
69%
'em,
68%
females
68%
this
68%
blame
67%
b*tch
67%
everything
67%
email
66%
finding
66%
sent
66%
addicted
65%
still
63%
least
62%
that's
62%
your
61%
did
59%
See,
59%
leave
58%
hoodrats
57%
mind
57%
p*ssy
56%
stays
55%
admit
54%
Verse 1 She
54%
she
54%
That'll
54%
romantic
53%
was
53%
pictures
52%
much
51%
seven,
51%
three
51%
Verse 2 Twenty-four
50%
x2 alright,
49%
can't
49%
eyes
49%
if
49%
If
49%
sixty-five,
49%
get
48%
intimacy
48%
killing
48%
live
48%
or
48%
damage
47%
crazy
46%
Now
45%
'Cause
44%
pick
44%
When
44%
day,
43%
move,
43%
next
43%
top
41%
knock
40%
manage
39%
face
37%
how
37%
they
37%
price
36%
bracelet
35%
Comes
35%
motherfuck*n'
35%
tag,
35%
Why
35%
guess
34%
young,
34%
advantage
33%
H*es
33%
h*es
33%
tasteless,
33%
Back
31%
bag,
31%
basics
31%
should
31%
where?
31%
accept
30%
rich,
30%
blouse,
29%
loafers
29%
matrix
29%
Versace
29%
fly
28%
Freddy
28%
Haha,
28%
talk
28%
ain't
27%
over
27%
seen
27%
wanna
27%
Plenty
26%
sofas
26%
vultures,
26%
waitress,
26%
Babe,
25%
knew
25%
shop
25%
Split
25%
starts
25%
wearing
25%
I'ma
24%
knockoffs?
24%
Rolex
24%
faceless
23%
mai
22%
set,
21%
tais,
19%
Crane
18%
Invisibly
18%
Neimans,
17%
Ah,
16%
Ichabod
16%
baller-n*gga
13%
No matching quizzes found
Score Distribution
Percent of People with Each Score
Percentile by Number Answered
Your Score History
You have not taken this quiz